Statystyki dla Federacje krajowe należące do UEFA

Kliknij tutaj aby rozwiązać quiz!

Ogólne statystyki

  • Ten quiz został rozwiązany 41 razy
  • Średni wynik to 49 z 55

Statystyki odpowiedzi

Rok
dołączenia
Federacja% Poprawnych
1954Belgia
100%
1954Holandia
100%
1993Czechy
97%
1954Hiszpania
97%
1992Litwa
97%
1954Niemcy
97%
1955Polska
97%
1993Słowacja
97%
1994Andora
95%
1954Anglia
95%
1954Bułgaria
95%
1954Dania
95%
1992Estonia
95%
1954Finlandia
95%
1954Francja
95%
1958Irlandia
95%
1992Łotwa
95%
1954Norwegia
95%
1992Rosja
95%
1994Słowenia
95%
1954Szwecja
95%
1954Austria
92%
1992Chorwacja
92%
2007Czarnogóra
92%
1954Grecja
92%
1954Luksemburg
92%
1954Portugalia
92%
1992Ukraina
92%
1955Włochy
92%
1992Armenia
89%
1993Białoruś
89%
1962Cypr
89%
1954Islandia
89%
2016Kosowo
89%
1954Rumunia
89%
1954Albania
87%
1954Irlandia
Północna
87%
1974Liechtenstein
87%
1988San Marino
87%
2007Serbia
87%
1962Turcja
87%
1954Walia
87%
1998Bośnia i Hercegowina
84%
1992Gruzja
84%
2002Kazachstan
84%
1994Macedonia Północna
84%
1960Malta
84%
1954Szkocja
82%
1994Azerbejdżan
79%
1954Szwajcaria
79%
1957Węgry
79%
1993Mołdawia
74%
1990Wyspy Owcze
74%
1994Izrael
68%
2013Gibraltar
66%

Rozkład punktacji

Percentyl według liczby udzielonych odpowiedzi

Procent ludzi z każdym wynikiem

Twoja historia wyników

Nie rozwiązałeś tego quizu